000
00322nam a22001337a 4500
008
180312b xxu||||| |||| 00| 0 eng d
020
_a
9780312459888
041
_a
eng
080
_a
159.9
100
_a
48
101
_a
PSI
245
_a
From critical thinking to argument a portable guide
_c
Barnet,S
942
_2
udc
_c
BK
999
_c
44685
_d
44685